Normal view MARC view
  • Guenin, B.

Entry Personal Name

Number of records used in: 1

001 - CONTROL NUMBER

  • control field: 38753

003 - CONTROL NUMBER IDENTIFIER

  • control field: OSt

005 - DATE AND TIME OF LATEST TRANSACTION

  • control field: 20151116113737.0

008 - FIXED-LENGTH DATA ELEMENTS

  • fixed length control field: 151116|| aca||aabn | a|a d

040 ## - CATALOGING SOURCE

  • Original cataloging agency: OSt

100 1# - HEADING--PERSONAL NAME

  • Personal name: Guenin, B.
  • Fuller form of name: (Bertrand)

400 1# - SEE FROM TRACING--PERSONAL NAME

  • Personal name: Guenin, Bertrand